[Event "DEM U18 2024"]
[Site "Willingen GER"]
[Date "2024.05.25"]
[Round "9"]
[White "Englert, Luca"]
[Black "Chassard, Cedric"]
[Result "1-0"]
[Termination "normal"]
[Board "10"]
[BlackTitle "FM"]
[WhiteElo "2168"]
[BlackElo "2246"]
[WhiteClock "00:56:39"]
[BlackClock "00:19:30"]
[PlyCount "141"]
[WhiteFideId "16293088"]
[BlackFideId "16243536"]
[EventCountry "GER"]
[EventRounds "9"]
[EventType "swiss"]
[EventDate "2024.05.18"]

1. e4 {[%clk 01:30:57]} {[%emt 00:00:02]} e5 {[%clk 01:30:45]} {[%emt
00:00:15]} 2. Nf3 {[%clk 01:31:19]} {[%emt 00:00:08]} Nc6 {[%clk 01:31:10]}
{[%emt 00:00:06]} 3. Bc4 {[%clk 01:31:42]} {[%emt 00:00:07]} Nf6 {[%clk
01:31:36]} {[%emt 00:00:04]} 4. Ng5 {[%clk 01:31:54]} {[%emt 00:00:18]} d5
{[%clk 01:32:01]} {[%emt 00:00:05]} 5. exd5 {[%clk 01:32:20]} {[%emt 00:00:04]}
Na5 {[%clk 01:32:24]} {[%emt 00:00:06]} 6. Bb5+ {[%clk 01:32:47]} {[%emt
00:00:04]} c6 {[%clk 01:32:51]} {[%emt 00:00:04]} 7. dxc6 {[%clk 01:33:12]}
{[%emt 00:00:04]} bxc6 {[%clk 01:33:16]} {[%emt 00:00:04]} 8. Bd3 {[%clk
01:33:37]} {[%emt 00:00:05]} Ng4 {[%clk 01:33:28]} {[%emt 00:00:16]} 9. Nf3
{[%clk 01:32:12]} {[%emt 00:01:57]} Bd6 {[%clk 01:02:06]} {[%emt 00:31:53]} 10.
h3 {[%clk 01:28:19]} {[%emt 00:04:23]} Nf6 {[%clk 01:01:48]} {[%emt 00:00:47]}
11. O-O {[%clk 01:28:21]} {[%emt 00:00:28]} O-O {[%clk 01:00:54]} {[%emt
00:01:24]} 12. Re1 {[%clk 01:26:01]} {[%emt 00:02:51]} Re8 {[%clk 01:00:02]}
{[%emt 00:01:22]} 13. Nc3 {[%clk 01:26:19]} {[%emt 00:00:12]} Nb7 {[%clk
00:45:28]} {[%emt 00:15:04]} 14. Bc4 {[%clk 01:23:26]} {[%emt 00:03:23]} Na5
{[%clk 00:43:00]} {[%emt 00:02:58]} 15. Bf1 {[%clk 01:21:29]} {[%emt 00:02:26]}
e4 {[%clk 00:42:35]} {[%emt 00:00:56]} 16. Ng5 {[%clk 01:20:30]} {[%emt
00:01:29]} Bf5 {[%clk 00:40:52]} {[%emt 00:02:13]} 17. d3 {[%clk 01:20:44]}
{[%emt 00:00:16]} exd3 {[%clk 00:40:38]} {[%emt 00:00:44]} 18. Rxe8+ {[%clk
01:18:26]} {[%emt 00:02:47]} Qxe8 {[%clk 00:40:32]} {[%emt 00:00:36]} 19. Bxd3
{[%clk 01:16:06]} {[%emt 00:02:52]} Bxd3 {[%clk 00:40:27]} {[%emt 00:00:35]}
20. cxd3 {[%clk 01:16:34]} {[%emt 00:00:01]} Rd8 {[%clk 00:36:25]} {[%emt
00:04:32]} 21. Be3 {[%clk 01:15:50]} {[%emt 00:01:13]} Bb8 {[%clk 00:20:59]}
{[%emt 00:15:57]} 22. Qc2 {[%clk 01:11:31]} {[%emt 00:04:49]} c5 {[%clk
00:19:47]} {[%emt 00:01:42]} 23. Nf3 {[%clk 01:02:48]} {[%emt 00:09:13]} c4
{[%clk 00:17:22]} {[%emt 00:02:54]} 24. dxc4 {[%clk 01:01:42]} {[%emt
00:01:37]} Nxc4 {[%clk 00:17:46]} {[%emt 00:00:06]} 25. Bd4 {[%clk 01:01:43]}
{[%emt 00:00:28]} Qc6 {[%clk 00:15:19]} {[%emt 00:02:58]} 26. Re1 {[%clk
00:58:04]} {[%emt 00:04:08]} Nh5 {[%clk 00:12:39]} {[%emt 00:03:11]} 27. Qa4
{[%clk 00:53:07]} {[%emt 00:05:27]} Qxa4 {[%clk 00:11:29]} {[%emt 00:01:40]}
28. Nxa4 {[%clk 00:53:36]} Nf4 {[%clk 00:11:44]} {[%emt 00:00:14]} 29. g3
{[%clk 00:53:18]} {[%emt 00:00:49]} Ne6 {[%clk 00:11:28]} {[%emt 00:00:45]} 30.
Bc3 {[%clk 00:50:53]} {[%emt 00:02:55]} h6 {[%clk 00:11:44]} {[%emt 00:00:15]}
31. Kg2 {[%clk 00:51:07]} {[%emt 00:00:15]} Rd5 {[%clk 00:07:59]} {[%emt
00:04:16]} 32. Rc1 {[%clk 00:48:31]} {[%emt 00:03:06]} Nb6 {[%clk 00:07:15]}
{[%emt 00:01:14]} 33. Nxb6 {[%clk 00:48:12]} axb6 {[%clk 00:07:44]} 34. Bd2
{[%clk 00:43:16]} {[%emt 00:05:26]} Bd6 {[%clk 00:07:16]} {[%emt 00:00:58]} 35.
Rc6 {[%clk 00:42:20]} {[%emt 00:01:26]} b5 {[%clk 00:05:41]} {[%emt 00:02:05]}
36. Be3 {[%clk 00:37:58]} {[%emt 00:04:51]} Kf8 {[%clk 00:05:23]} {[%emt
00:00:49]} 37. Rb6 {[%clk 00:36:41]} {[%emt 00:01:47]} Ke8 {[%clk 00:04:43]}
{[%emt 00:01:09]} 38. Rb7 {[%clk 00:35:44]} {[%emt 00:01:27]} Bc7 {[%clk
00:04:55]} {[%emt 00:00:19]} 39. Nd4 {[%clk 00:35:37]} {[%emt 00:00:36]} Nxd4
{[%clk 00:03:26]} {[%emt 00:02:00]} 40. Rxc7 {[%clk 00:35:46]} {[%emt
00:00:21]} Nf5 {[%clk 00:03:21]} {[%emt 00:00:35]} 41. Bc5 {[%clk 00:34:41]}
{[%emt 00:01:35]} Rd2 {[%clk 00:02:06]} {[%emt 00:01:44]} 42. b4 {[%clk
00:34:03]} {[%emt 00:01:08]} Rd7 {[%clk 00:30:20]} {[%emt 00:02:16]} 43. Rc8+
{[%clk 01:01:49]} {[%emt 00:02:45]} Rd8 {[%clk 00:30:45]} {[%emt 00:00:05]} 44.
Rc6 {[%clk 01:02:04]} {[%emt 00:00:14]} Rb8 {[%clk 00:30:39]} {[%emt 00:00:36]}
45. Rc7 {[%clk 01:01:55]} {[%emt 00:00:39]} h5 {[%clk 00:30:58]} {[%emt
00:00:11]} 46. g4 {[%clk 01:00:42]} {[%emt 00:01:44]} hxg4 {[%clk 00:31:25]}
{[%emt 00:00:04]} 47. hxg4 {[%clk 01:01:09]} {[%emt 00:00:02]} Nh4+ {[%clk
00:31:34]} {[%emt 00:00:20]} 48. Kg3 {[%clk 01:01:28]} {[%emt 00:00:12]} Ng6
{[%clk 00:31:57]} {[%emt 00:00:06]} 49. Ra7 {[%clk 01:00:53]} {[%emt 00:01:05]}
Rd8 {[%clk 00:31:59]} {[%emt 00:00:27]} 50. Rb7 {[%clk 01:00:24]} {[%emt
00:01:01]} Rd3+ {[%clk 00:31:23]} {[%emt 00:01:05]} 51. Be3 {[%clk 01:00:02]}
{[%emt 00:00:52]} Ra3 {[%clk 00:30:53]} {[%emt 00:01:01]} 52. Rxb5 {[%clk
00:59:59]} {[%emt 00:00:33]} Rxa2 {[%clk 00:31:02]} {[%emt 00:00:21]} 53. Rb8+
{[%clk 00:59:50]} {[%emt 00:00:39]} Kd7 {[%clk 00:30:24]} {[%emt 00:01:07]} 54.
Rb7+ {[%clk 00:59:51]} {[%emt 00:00:29]} Ke6 {[%clk 00:28:38]} {[%emt
00:02:17]} 55. f4 {[%clk 00:59:32]} {[%emt 00:00:49]} Kd5 {[%clk 00:28:20]}
{[%emt 00:00:47]} 56. Rxf7 {[%clk 00:57:43]} {[%emt 00:02:19]} Ra3 {[%clk
00:28:25]} {[%emt 00:00:26]} 57. Rxg7 {[%clk 00:57:35]} {[%emt 00:00:37]} Rxe3+
{[%clk 00:28:22]} {[%emt 00:00:33]} 58. Kf2 {[%clk 00:58:04]} {[%emt 00:00:02]}
Re4 {[%clk 00:23:05]} {[%emt 00:05:47]} 59. Rxg6 {[%clk 00:57:48]} {[%emt
00:00:46]} Rxf4+ {[%clk 00:23:23]} {[%emt 00:00:11]} 60. Kg3 {[%clk 00:57:46]}
{[%emt 00:00:33]} Rxb4 {[%clk 00:23:45]} {[%emt 00:00:08]} 61. Kh4 {[%clk
00:57:11]} {[%emt 00:01:04]} Ke5 {[%clk 00:23:13]} {[%emt 00:01:02]} 62. Kh5
{[%clk 00:55:46]} {[%emt 00:01:55]} Rb8 {[%clk 00:19:31]} {[%emt 00:04:13]} 63.
g5 {[%clk 00:55:38]} {[%emt 00:00:38]} Rf8 {[%clk 00:18:35]} {[%emt 00:01:26]}
64. Ra6 {[%clk 00:54:43]} {[%emt 00:01:25]} Kf5 {[%clk 00:18:33]} {[%emt
00:00:31]} 65. Kh6 {[%clk 00:54:47]} {[%emt 00:00:27]} Rh8+ {[%clk 00:18:10]}
{[%emt 00:00:52]} 66. Kg7 {[%clk 00:55:16]} Rb8 {[%clk 00:18:22]} {[%emt
00:00:20]} 67. g6 {[%clk 00:55:35]} {[%emt 00:00:11]} Rb7+ {[%clk 00:18:47]}
{[%emt 00:00:04]} 68. Kh8 {[%clk 00:55:31]} {[%emt 00:00:34]} Rb8+ {[%clk
00:18:40]} {[%emt 00:00:38]} 69. Kh7 {[%clk 00:55:58]} {[%emt 00:00:02]} Rb1
{[%clk 00:19:06]} {[%emt 00:00:05]} 70. g7 {[%clk 00:56:17]} {[%emt 00:00:11]}
Rh1+ {[%clk 00:19:30]} {[%emt 00:00:05]} 71. Rh6 {[%clk 00:56:39]} {[%emt
00:00:09]} 1-0

[Event "DEM U18 2024"]
[Site "Willingen GER"]
[Date "2024.05.25"]
[Round "9"]
[White "Duong, Quang Bach"]
[Black "Pikalow, Michael"]
[Result "1/2-1/2"]
[Termination "normal"]
[Board "11"]
[WhiteElo "2168"]
[BlackElo "2089"]
[WhiteClock "00:24:47"]
[BlackClock "00:01:44"]
[PlyCount "160"]
[WhiteFideId "16287045"]
[BlackFideId "16227638"]
[EventCountry "GER"]
[EventRounds "9"]
[EventType "swiss"]
[EventDate "2024.05.18"]

1. d4 {[%clk 01:30:54]} {[%emt 00:00:06]} c5 {[%clk 01:30:56]} {[%emt
00:00:04]} 2. d5 {[%clk 01:31:21]} {[%emt 00:00:03]} Nf6 {[%clk 01:31:24]}
{[%emt 00:00:03]} 3. c4 {[%clk 01:31:28]} {[%emt 00:00:22]} b5 {[%clk
01:31:50]} {[%emt 00:00:04]} 4. cxb5 {[%clk 01:31:54]} {[%emt 00:00:04]} a6
{[%clk 01:32:18]} {[%emt 00:00:03]} 5. bxa6 {[%clk 01:32:17]} {[%emt 00:00:07]}
g6 {[%clk 01:32:45]} {[%emt 00:00:03]} 6. Nc3 {[%clk 01:32:39]} {[%emt
00:00:07]} Bg7 {[%clk 01:33:10]} {[%emt 00:00:04]} 7. e4 {[%clk 01:33:01]}
{[%emt 00:00:09]} O-O {[%clk 01:33:33]} {[%emt 00:00:07]} 8. a7 {[%clk
01:33:23]} {[%emt 00:00:08]} Rxa7 {[%clk 01:34:01]} {[%emt 00:00:02]} 9. Nf3
{[%clk 01:33:46]} {[%emt 00:00:07]} e6 {[%clk 01:34:27]} {[%emt 00:00:04]} 10.
Be2 {[%clk 01:34:10]} {[%emt 00:00:06]} exd5 {[%clk 01:34:50]} {[%emt
00:00:06]} 11. exd5 {[%clk 01:34:35]} {[%emt 00:00:06]} d6 {[%clk 01:32:37]}
{[%emt 00:02:43]} 12. O-O {[%clk 01:35:01]} {[%emt 00:00:04]} Na6 {[%clk
01:30:57]} {[%emt 00:02:09]} 13. Nb5 {[%clk 01:35:16]} {[%emt 00:00:16]} Rd7
{[%clk 01:31:25]} {[%emt 00:00:02]} 14. Bc4 {[%clk 01:35:17]} {[%emt 00:00:28]}
Bb7 {[%clk 01:29:51]} {[%emt 00:02:04]} 15. Qb3 {[%clk 01:35:33]} {[%emt
00:00:14]} Qa8 {[%clk 01:16:43]} {[%emt 00:13:39]} 16. Rd1 {[%clk 01:35:59]}
{[%emt 00:00:04]} Nb4 {[%clk 00:53:10]} {[%emt 00:24:02]} 17. Bf4 {[%clk
01:36:21]} {[%emt 00:00:08]} Rfd8 {[%clk 00:42:59]} {[%emt 00:10:41]} 18. Nc3
{[%clk 01:36:33]} {[%emt 00:00:19]} Ba6 {[%clk 00:39:46]} {[%emt 00:03:43]} 19.
a3 {[%clk 01:21:41]} {[%emt 00:15:23]} Nc2 {[%clk 00:34:30]} {[%emt 00:05:45]}
20. Rac1 {[%clk 01:14:50]} {[%emt 00:07:21]} Rb7 {[%clk 00:34:15]} {[%emt
00:00:44]} 21. Bb5 {[%clk 01:10:03]} {[%emt 00:05:18]} Bxb5 {[%clk 00:31:21]}
{[%emt 00:03:24]} 22. Nxb5 {[%clk 01:10:06]} {[%emt 00:00:27]} Qa6 {[%clk
00:31:37]} {[%emt 00:00:13]} 23. a4 {[%clk 01:05:56]} {[%emt 00:04:41]} Nb4
{[%clk 00:32:04]} {[%emt 00:00:02]} 24. h3 {[%clk 01:02:08]} {[%emt 00:04:19]}
Rb6 {[%clk 00:29:34]} {[%emt 00:03:00]} 25. Bh2 {[%clk 00:47:49]} {[%emt
00:14:49]} Nfxd5 {[%clk 00:17:59]} {[%emt 00:12:04]} 26. Rxd5 {[%clk 00:47:23]}
{[%emt 00:00:56]} Nxd5 {[%clk 00:18:25]} {[%emt 00:00:05]} 27. Qxd5 {[%clk
00:47:50]} {[%emt 00:00:03]} Bxb2 {[%clk 00:18:33]} {[%emt 00:00:21]} 28. Re1
{[%clk 00:46:15]} {[%emt 00:02:05]} Bf6 {[%clk 00:13:20]} {[%emt 00:05:43]} 29.
Bf4 {[%clk 00:43:24]} {[%emt 00:03:22]} Qxa4 {[%clk 00:03:04]} {[%emt
00:10:46]} 30. Bg5 {[%clk 00:38:26]} {[%emt 00:05:27]} Bxg5 {[%clk 00:01:56]}
{[%emt 00:01:39]} 31. Nxg5 {[%clk 00:38:54]} {[%emt 00:00:01]} Qf4 {[%clk
00:02:19]} {[%emt 00:00:07]} 32. Nc3 {[%clk 00:34:24]} {[%emt 00:05:01]} Rb2
{[%clk 00:02:05]} {[%emt 00:00:42]} 33. Nce4 {[%clk 00:33:23]} {[%emt
00:01:32]} Qf5 {[%clk 00:02:01]} {[%emt 00:00:34]} 34. Qd3 {[%clk 00:32:44]}
{[%emt 00:01:08]} d5 {[%clk 00:01:35]} {[%emt 00:00:57]} 35. f4 {[%clk
00:28:44]} {[%emt 00:04:31]} Rdb8 {[%clk 00:00:43]} {[%emt 00:01:21]} 36. Nxc5
{[%clk 00:24:46]} {[%emt 00:04:28]} Qxd3 {[%clk 00:01:12]} {[%emt 00:00:01]}
37. Nxd3 {[%clk 00:25:15]} {[%emt 00:00:02]} Rd2 {[%clk 00:01:30]} {[%emt
00:00:12]} 38. Nc5 {[%clk 00:23:14]} {[%emt 00:02:31]} Rbb2 {[%clk 00:01:16]}
{[%emt 00:00:44]} 39. Re8+ {[%clk 00:21:42]} {[%emt 00:02:01]} Kg7 {[%clk
00:01:45]} {[%emt 00:00:02]} 40. Re7 {[%clk 00:21:45]} {[%emt 00:00:26]} Rxg2+
{[%clk 00:01:58]} {[%emt 00:00:17]} 41. Kf1 {[%emt 00:11:14]} Rh2 {[%clk
00:21:51]} 42. Kg1 {[%clk 00:49:47]} {[%emt 00:02:20]} Rhc2 {[%clk 00:21:59]}
{[%emt 00:00:23]} 43. Nd3 {[%clk 00:47:24]} {[%emt 00:02:53]} Rb1+ {[%clk
00:22:01]} {[%emt 00:00:28]} 44. Re1 {[%clk 00:45:57]} {[%emt 00:01:58]} Rb3
{[%clk 00:18:29]} {[%emt 00:04:01]} 45. Rd1 {[%clk 00:45:28]} {[%emt 00:00:59]}
Rcc3 {[%clk 00:14:56]} {[%emt 00:04:03]} 46. Ne5 {[%clk 00:42:31]} {[%emt
00:03:27]} f6 {[%clk 00:15:06]} {[%emt 00:00:20]} 47. Ne6+ {[%clk 00:42:11]}
{[%emt 00:00:50]} Kg8 {[%clk 00:15:28]} {[%emt 00:00:08]} 48. Nd7 {[%clk
00:40:37]} {[%emt 00:02:04]} Kf7 {[%clk 00:15:44]} {[%emt 00:00:13]} 49. Ndc5
{[%clk 00:40:09]} {[%emt 00:01:00]} Rb2 {[%clk 00:12:48]} {[%emt 00:03:26]} 50.
Nd3 {[%clk 00:38:48]} {[%emt 00:01:51]} Rxd3 {[%clk 00:08:33]} {[%emt
00:04:44]} 51. Nd8+ {[%clk 00:39:12]} {[%emt 00:00:06]} Ke8 {[%clk 00:09:02]}
{[%emt 00:00:01]} 52. Rxd3 {[%clk 00:39:33]} {[%emt 00:00:10]} Kxd8 {[%clk
00:09:29]} {[%emt 00:00:03]} 53. Rxd5+ {[%clk 00:39:59]} {[%emt 00:00:03]} Ke7
{[%clk 00:09:56]} {[%emt 00:00:03]} 54. Ra5 {[%clk 00:38:15]} {[%emt 00:02:14]}
Ke6 {[%clk 00:10:07]} {[%emt 00:00:19]} 55. f5+ {[%clk 00:31:29]} {[%emt
00:07:17]} gxf5 {[%clk 00:10:12]} {[%emt 00:00:24]} 56. Ra7 {[%clk 00:31:54]}
{[%emt 00:00:05]} f4 {[%clk 00:08:45]} {[%emt 00:01:57]} 57. Rxh7 {[%clk
00:32:11]} {[%emt 00:00:13]} Kf5 {[%clk 00:08:49]} {[%emt 00:00:26]} 58. Ra7
{[%clk 00:32:27]} {[%emt 00:00:13]} Kg5 {[%clk 00:05:30]} {[%emt 00:03:50]} 59.
Rg7+ {[%clk 00:28:50]} {[%emt 00:04:07]} Kf5 {[%clk 00:05:58]} {[%emt
00:00:02]} 60. Ra7 {[%clk 00:29:16]} {[%emt 00:00:05]} Re2 {[%clk 00:05:49]}
{[%emt 00:00:38]} 61. Ra6 {[%clk 00:28:57]} {[%emt 00:00:49]} f3 {[%clk
00:02:55]} {[%emt 00:03:24]} 62. h4 {[%clk 00:24:51]} {[%emt 00:04:36]} Rg2+
{[%clk 00:01:20]} {[%emt 00:02:05]} 63. Kf1 {[%clk 00:25:18]} {[%emt 00:00:04]}
Rh2 {[%clk 00:01:26]} {[%emt 00:00:23]} 64. Ra4 {[%clk 00:23:54]} {[%emt
00:01:54]} Ke5 {[%clk 00:01:10]} {[%emt 00:00:45]} 65. Kg1 {[%clk 00:23:48]}
{[%emt 00:00:37]} Rg2+ {[%clk 00:01:15]} {[%emt 00:00:25]} 66. Kf1 {[%clk
00:24:13]} {[%emt 00:00:05]} f5 {[%clk 00:01:28]} {[%emt 00:00:17]} 67. h5
{[%clk 00:22:17]} {[%emt 00:02:26]} Rh2 {[%clk 00:01:56]} {[%emt 00:00:01]} 68.
h6 {[%clk 00:22:22]} {[%emt 00:00:26]} Rxh6 {[%clk 00:00:54]} {[%emt 00:01:32]}
69. Kf2 {[%clk 00:22:49]} {[%emt 00:00:03]} Rh3 {[%clk 00:01:21]} {[%emt
00:00:03]} 70. Rb4 {[%clk 00:22:39]} {[%emt 00:00:40]} Kf6 {[%clk 00:01:01]}
{[%emt 00:00:50]} 71. Ra4 {[%clk 00:21:52]} {[%emt 00:01:17]} Kg5 {[%clk
00:01:17]} {[%emt 00:00:13]} 72. Rb4 {[%clk 00:22:12]} {[%emt 00:00:11]} Kg6
{[%clk 00:00:41]} {[%emt 00:01:07]} 73. Ra4 {[%clk 00:22:32]} {[%emt 00:00:09]}
Kh5 {[%clk 00:01:08]} {[%emt 00:00:04]} 74. Rf4 {[%clk 00:22:38]} {[%emt
00:00:23]} Kg5 {[%clk 00:01:34]} {[%emt 00:00:04]} 75. Rb4 {[%clk 00:23:01]}
{[%emt 00:00:07]} Rh2+ {[%clk 00:01:24]} {[%emt 00:00:41]} 76. Kxf3 {[%clk
00:23:25]} {[%emt 00:00:05]} Rh3+ {[%clk 00:01:50]} {[%emt 00:00:04]} 77. Kf2
{[%clk 00:23:52]} {[%emt 00:00:03]} Ra3 {[%clk 00:02:17]} {[%emt 00:00:03]} 78.
Rc4 {[%clk 00:24:09]} {[%emt 00:00:13]} f4 {[%clk 00:02:14]} {[%emt 00:00:34]}
79. Rc8 {[%clk 00:24:22]} {[%emt 00:00:17]} Ra1 {[%clk 00:01:18]} {[%emt
00:01:26]} 80. Rg8+ {[%clk 00:24:47]} {[%emt 00:00:04]} Kf5 {[%clk 00:01:44]}
{[%emt 00:00:05]} 1/2-1/2

[Event "DEM U18 2024"]
[Site "Willingen GER"]
[Date "2024.05.25"]
[Round "9"]
[White "Metzdorf, Matteo"]
[Black "Scharf, Christian"]
[Result "1-0"]
[Termination "normal"]
[Board "12"]
[WhiteElo "2131"]
[BlackElo "1819"]
[WhiteClock "00:01:31"]
[BlackClock "00:06:48"]
[PlyCount "59"]
[WhiteFideId "16209869"]
[BlackFideId "16266110"]
[EventCountry "GER"]
[EventRounds "9"]
[EventType "swiss"]
[EventDate "2024.05.18"]

1. e4 {[%clk 01:30:55]} {[%emt 00:00:04]} e6 {[%clk 01:30:54]} {[%emt
00:00:06]} 2. d4 {[%clk 01:30:43]} {[%emt 00:00:43]} d5 {[%clk 01:31:19]}
{[%emt 00:00:04]} 3. Nc3 {[%clk 01:31:06]} {[%emt 00:00:08]} Nf6 {[%clk
01:31:43]} {[%emt 00:00:05]} 4. e5 {[%clk 01:30:59]} {[%emt 00:00:38]} Nfd7
{[%clk 01:32:07]} {[%emt 00:00:05]} 5. f4 {[%clk 01:30:46]} {[%emt 00:00:43]}
c5 {[%clk 01:32:28]} {[%emt 00:00:08]} 6. Nf3 {[%clk 01:31:06]} {[%emt
00:00:11]} Nc6 {[%clk 01:32:53]} {[%emt 00:00:05]} 7. Be3 {[%clk 01:31:11]}
{[%emt 00:00:25]} cxd4 {[%clk 01:33:14]} {[%emt 00:00:09]} 8. Nxd4 {[%clk
01:31:29]} {[%emt 00:00:12]} Bc5 {[%clk 01:33:33]} {[%emt 00:00:10]} 9. Qd2
{[%clk 01:27:33]} {[%emt 00:04:27]} O-O {[%clk 01:33:53]} {[%emt 00:00:09]} 10.
O-O-O {[%clk 01:21:01]} {[%emt 00:07:03]} a6 {[%clk 01:34:09]} {[%emt
00:00:14]} 11. g4 {[%clk 01:17:21]} {[%emt 00:04:10]} Nxd4 {[%clk 01:34:26]}
{[%emt 00:00:13]} 12. Bxd4 {[%clk 01:17:46]} {[%emt 00:00:05]} b5 {[%clk
01:32:53]} {[%emt 00:02:03]} 13. Bg2 {[%clk 01:09:10]} {[%emt 00:09:06]} b4
{[%clk 01:28:45]} {[%emt 00:04:38]} 14. Ne2 {[%clk 01:07:27]} {[%emt 00:02:14]}
Qc7 {[%clk 01:23:28]} {[%emt 00:05:46]} 15. Rhe1 {[%clk 00:59:49]} {[%emt
00:08:09]} a5 {[%clk 01:16:39]} {[%emt 00:07:17]} 16. Bxc5 {[%clk 00:53:51]}
{[%emt 00:06:29]} Nxc5 {[%clk 01:00:12]} {[%emt 00:16:56]} 17. Nd4 {[%clk
00:53:04]} {[%emt 00:01:17]} Ba6 {[%clk 00:51:32]} {[%emt 00:09:10]} 18. Kb1
{[%clk 00:51:19]} {[%emt 00:02:16]} a4 {[%clk 00:43:06]} {[%emt 00:08:56]} 19.
Qxb4 {[%clk 00:22:44]} {[%emt 00:29:06]} Rfb8 {[%clk 00:43:30]} {[%emt
00:00:05]} 20. Qd2 {[%clk 00:16:08]} {[%emt 00:07:06]} Rb7 {[%clk 00:42:20]}
{[%emt 00:01:40]} 21. Re3 {[%clk 00:11:56]} {[%emt 00:04:42]} Rab8 {[%clk
00:40:20]} {[%emt 00:02:29]} 22. b3 {[%clk 00:12:21]} {[%emt 00:00:06]} axb3
{[%clk 00:40:00]} {[%emt 00:00:50]} 23. cxb3 {[%clk 00:11:18]} {[%emt
00:01:34]} Qb6 {[%clk 00:29:41]} {[%emt 00:10:47]} 24. Rc1 {[%clk 00:10:51]}
{[%emt 00:00:59]} f6 {[%clk 00:21:08]} {[%emt 00:09:02]} 25. exf6 {[%clk
00:08:16]} {[%emt 00:03:06]} gxf6 {[%clk 00:21:33]} {[%emt 00:00:04]} 26. Nxe6
{[%clk 00:03:23]} {[%emt 00:05:24]} Bc4 {[%clk 00:12:28]} {[%emt 00:09:34]} 27.
Bxd5 {[%clk 00:00:51]} {[%emt 00:03:02]} Rd7 {[%clk 00:12:45]} {[%emt
00:00:13]} 28. Rxc4 {[%clk 00:00:51]} {[%emt 00:00:31]} Nxe6 {[%clk 00:09:03]}
{[%emt 00:04:11]} 29. Rxe6 {[%clk 00:01:17]} {[%emt 00:00:04]} Qg1+ {[%clk
00:06:48]} {[%emt 00:02:45]} 30. Re1+ {[%clk 00:01:31]} {[%emt 00:00:16]} 1-0